000 00950nam a2200265 i 4500
001 179947
003 ES-MaACL
005 20230927172138.0
008 120306s2006 sp a |||| |dspa d
020 _a84-96219-70-4
080 _a908(443.611)
080 _a821.134.2-94"19"
100 1 _aCallabed i Carracedo, Joaquim.
_9139912
245 1 0 _aDe Saint Germain a Montmartre /
_cJoaquín Callabed.
260 _aZaragoza :
_bLibros Certeza,
_c[2006]
300 _a129 p. :
_bil. ;
_c21 cm.
490 1 _aCantela ;
_v12
651 4 _aParís-
_xVida intelectual-
_yS.XX.
_99214
651 4 _aMontparnasse (París, Barrio)-
_xVida intelectual.
_9148053
830 0 _aCantela ;
_v12
_9224567
852 _aES-MaACL
_jA-12005
_9186852
_bR.146964
_cDEPO1
_dOlim: N-5010
_xDonación: Joaquín Caballed
_zDedicatoria autógrafa del autor
903 _9139912
_aCallabed i Carracedo, Joaquim
_ednr
942 _2udc
_cMONOGRAFIA
999 _c179947
_d179947